Catalog

Record Details

Catalog Search



Available copies

  • 1 of 1 copy available at LARL/NWRL Consortium.
  • 1 of 1 copy available at Lake Agassiz Regional Library. (Show)

Current holds

0 current holds with 1 total copy.

Show Only Available Copies
Location Call Number / Copy Notes Barcode Shelving Location Status Due Date
Moorhead Public Library JAC (Text) 33500011566395 Main Available -

Record details

  • ISBN: 9781420118513
  • ISBN: 142011851X
  • Physical Description: 428 p. ; 18 cm.
  • Publisher: New York, NY : Zebra Books, 2013

Content descriptions

Summary, etc.:
"Sheriff Dan Grayson lies near death after a ... Read More
Subject: Murder > Investigation > Fiction.
Serial murderers > Fiction.
Women detectives > Fiction.
Genre: Suspense fiction.
LDR 01531cam a2200325I 4500
001156303
003LARL_NWRL_CONSORTIUM
00520130911140046.0
008130109s2013 xx 000 0 eng d
020 . ‡a9781420118513
020 . ‡a142011851X
035 . ‡a(OCoLC)823831147
040 . ‡aYDXCP ‡cYDXCP ‡dBTCTA ‡dBDX ‡dWARTN ‡dRNC ‡dVPW
082 4. ‡a813
1001 . ‡aJackson, Lisa. ‡0(LARL_NWRL_CONSORTIUM)138197
24510. ‡aReady to die ‡n#5 / ‡cLisa Jackson.
260 . ‡aNew York, NY : ‡bZebra Books, ‡c2013
300 . ‡a428 p. ; ‡c18 cm.
4900 . ‡aTo die; ‡v5
520 . ‡a"Sheriff Dan Grayson lies near death after a shooting, and the police department of Grizzly Falls, Montana, is in shock. Alvarez, torn between a new relationship and her loyalty to Grayson, works with Pescoli to whittle down the list of suspects. The deeper they go, the more personal and dangerous the case becomes. Then a prominent judge's body is found and the killer sends a sinister warning to the press: 'Who's next?'".--p. [4] of cover.
650 0. ‡aMurder ‡xInvestigation ‡vFiction. ‡0(LARL_NWRL_CONSORTIUM)166203
650 0. ‡aSerial murderers ‡vFiction. ‡0(LARL_NWRL_CONSORTIUM)167313
650 0. ‡aWomen detectives ‡vFiction. ‡0(LARL_NWRL_CONSORTIUM)167906
655 0. ‡aSuspense fiction.
948 . ‡hNO HOLDINGS IN LAL - 135 OTHER HOLDINGS
994 . ‡aZ0 ‡bLAL
901 . ‡a156303 ‡bOCLC ‡c156303 ‡tbiblio

Additional Resources